Aj spotrebiteľ sa učí
Spotrebiteľ si postupne vytvára vzťah medzi pocitom a podnetom, ktorý vyvoláva konkrétne správanie. Opakované väzby a podmieňovanie. Na vytvorenie trvalého vzťahu zákazníka je dôležitou podmienkou opakovanie. Zovšeobecňovanie (generalizovanie) - vysvetlenie pojmu. Význam odmeny, ktorú zákazník získa...
Guardado en:
| Autor principal: | |
|---|---|
| Formato: | Capítulo de libro |
| Lenguaje: | eslovaco |
| Materias: | |
| Etiquetas: |
Sin Etiquetas, Sea el primero en etiquetar este registro!
|
MARC
| LEADER | 00000naa$a2200000$$$4500 | ||
|---|---|---|---|
| 001 | 0005267 | ||
| 005 | 20240502071349.1 | ||
| 041 | 0 | |a slo | |
| 044 | |a SK | ||
| 245 | 1 | 0 | |a Aj spotrebiteľ sa učí |c aut. Hana Adamková |
| 520 | |a Spotrebiteľ si postupne vytvára vzťah medzi pocitom a podnetom, ktorý vyvoláva konkrétne správanie. Opakované väzby a podmieňovanie. Na vytvorenie trvalého vzťahu zákazníka je dôležitou podmienkou opakovanie. Zovšeobecňovanie (generalizovanie) - vysvetlenie pojmu. Význam odmeny, ktorú zákazník získa pri vytvorení konkrétneho vzťahu. | ||
| 610 | 2 | 0 | |a spotrebitelia |
| 610 | 2 | 0 | |a správanie spotrebiteľa |
| 610 | 2 | 0 | |a informácie |
| 610 | 2 | 0 | |a odmeny |
| 610 | 2 | 0 | |a psychológia |
| 100 | 1 | |a Adamková, Hana, 1969- | |